Botany for degree students (Record no. 988107)

MARC details
000 -LEADER
fixed length control field 00679nam a2200277Ia 4500
003 - CONTROL NUMBER IDENTIFIER
control field OSt
005 - DATE AND TIME OF LATEST TRANSACTION
control field 20221005081659.0
008 - FIXED-LENGTH DATA ELEMENTS--GENERAL INFORMATION
fixed length control field 221004b |||||||| |||| 00| 0 eng d
020 ## - INTERNATIONAL STANDARD BOOK NUMBER
International Standard Book Number 812191213X
037 ## - SOURCE OF ACQUISITION
Terms of availability Textual
040 ## - CATALOGING SOURCE
Original cataloging agency CRL
Transcribing agency CRL
Language of cataloging eng
041 ## - LANGUAGE CODE
Source of code eng
Language code of text/sound track or separate title eng
100 ## - MAIN ENTRY--PERSONAL NAME
Personal name Vasishta P C
9 (RLIN) 610985
245 #0 - TITLE STATEMENT
Title Botany for degree students
260 ## - PUBLICATION, DISTRIBUTION, ETC.
Place of publication, distribution, etc. New Delhi
Name of publisher, distributor, etc. S Chand India
Date of publication, distribution, etc. 1999
300 ## - PHYSICAL DESCRIPTION
Extent 500p.
Dimensions cm.
490 ## - SERIES STATEMENT
Volume/sequential designation V5
650 ## - SUBJECT ADDED ENTRY--TOPICAL TERM
Topical term or geographic name entry element BOTANY
650 ## - SUBJECT ADDED ENTRY--TOPICAL TERM
Topical term or geographic name entry element BOTANY
942 ## - ADDED ENTRY ELEMENTS (KOHA)
Classification part I6, L6;N9.5
Koha item type Textual
Source of classification or shelving scheme
Holdings
Withdrawn status Lost status Damaged status Not for loan Home library Current library Date acquired Serial Enumeration / chronology Total Checkouts Full call number Barcode Date last seen Price effective from Koha item type
        Central Library Central Library 2022-10-05 V5   I6 L6;N9.5 NT0007938 2022-10-05 2022-10-05 Textual
Copyright @ Delhi University Library System